| Tag |
First Indicator |
Second Indicator |
Subfields |
| LEADER |
00000cam a2200000 a 4500 |
| 001 |
in00000030171 |
| 005 |
20151007060222.0 |
| 008 |
850329s1983 cc a 00110 eng |
| 010 |
|
|
|a 85136008
|
| 035 |
|
|
|a (OCoLC)12805583
|
| 035 |
|
|
|9 AAC0321AM
|
| 040 |
|
|
|a DLC
|c DLC
|d m/c
|d TXA
|d UtOrBLW
|
| 041 |
0 |
|
|a eng
|a chi
|
| 049 |
|
|
|a TXAM
|c [A11682676]
|
| 050 |
0 |
0 |
|a PL1125.E6
|b H68 1983
|
| 082 |
0 |
|
|a 495.1/83421
|2 19
|
| 100 |
1 |
|
|a Hong, Beverly.
|
| 245 |
1 |
0 |
|a Situational Chinese =
|b [Shih kʻuang Han yü] /
|c Beverly Hong ; with the assistance of Zhu Bingyao.
|
| 246 |
3 |
1 |
|a [Shih kʻuang Han yü]
|
| 250 |
|
|
|a 1st ed.
|
| 264 |
|
1 |
|a Beijing, China :
|b New World Press :
|c 1983.
|
| 264 |
|
2 |
|a Beijing, China :
|b Distributed by China Publications Centre,
|
| 300 |
|
|
|a 335 pages :
|b illustrations ;
|c 22 cm.
|
| 336 |
|
|
|a text
|b txt
|2 rdacontent
|
| 337 |
|
|
|a unmediated
|b n
|2 rdamedia
|
| 338 |
|
|
|a volume
|b nc
|2 rdacarrier
|
| 500 |
|
|
|a Parallel title in Chinese characters.
|
| 500 |
|
|
|a Includes index.
|
| 650 |
|
0 |
|a Chinese language
|v Conversation and phrase books
|x English.
|
| 700 |
1 |
|
|a Zhu, Bingyao.
|
| 740 |
0 |
|
|a Shih kʻuang Han yü.
|
| 999 |
|
|
|a MARS
|
| 999 |
f |
f |
|s 39bd381b-103f-3ad5-ae92-f8add27b625a
|i f4373aa2-a589-331c-9c65-a202a8653c6e
|t 0
|
| 952 |
f |
f |
|p normal
|a Texas A&M University
|b College Station
|c Sterling C. Evans Library
|d Evans: Library Stacks
|t 0
|e PL1125.E6 H68 1983
|h Library of Congress classification
|i unmediated -- volume
|m A14811682676
|
| 998 |
f |
f |
|a PL1125.E6 H68 1983
|t 0
|l Evans: Library Stacks
|